Loading...

Sarppakkavil pretham /

Bibliographic Details
Main Author: Pushpanath, Kottayam
Language:Undetermined
Published: vidhyarthi mithram , 1978.
LEADER 00437nam a2200133Ia 4500
001 60934
008 170722s9999 xx 000 0 und d
100 |a Pushpanath, Kottayam 
245 |a Sarppakkavil pretham / 
260 |b vidhyarthi mithram ,  |c 1978. 
300 |a 116 p.  |c 18Cms 
942 |c GEN 
999 |c 94111  |d 94111 
952 |0 0  |1 0  |4 0  |6 O_3234NPU4S_L8_KR  |7 0  |9 132014  |a LIB  |b LIB  |d 2017-08-12  |o O3234,NPU4,S L8 (KR)  |p 171885  |r 2017-08-12  |v 6.00  |w 2017-08-12  |y GEN